[Event "EIWCC 2017"]
[Site "Riga"]
[Date "2017.04.19"]
[Round "8"]
[White "Galliamova, Alisa"]
[Black "Arabidze, Meri"]
[Result "1-0"]
[WhiteElo "2444"]
[BlackElo "2373"]
[Annotator "TA"]
[PlyCount "119"]
[EventDate "2017.??.??"]
[EventType "swiss"]
[EventCountry "LAT"]
[SourceTitle "playchess.com"]
[Source "ChessBase"]
[SourceQuality "1"]
[TimeControl "40/5400+30:1800+30"]

1. e4 {[%emt 0:00:00]} c5 {[%emt 0:00:03]} 2. Nf3 {[%emt 0:00:00]} d6 {[%emt 0:00:04]} 3. d4 {[%emt 0:00:00]} cxd4 {[%emt 0:00:03]} 4. Nxd4 {[%emt 0:00:03]} Nf6 {[%emt 0:00:04]} 5. Nc3 {[%emt 0:00:09]} a6 {[%emt 0:00:03]} 6. Bg5 {[%emt 0:00:44]} Nbd7 {[%emt 0:00:15]} 7. Qe2 {[%emt 0:00:32] B94: Sicilian Najdorf: 6 Bg5 Nbd7} (7. Bc4 Qb6 8. Bb3 e6 9. Qd2 Be7 10. O-O-O Nc5 11. Rhe1 h6 12. Bh4 O-O 13. g3 Qc7 14. f4 b5 15. e5 dxe5 16. fxe5 {0-1 (51) Dominguez Perez,L (2739)-Wojtaszek,R (2749) Doha 2016}) 7... e5 {[%emt 0:12:50]} 8. Nf5 {[%emt 0:01:54]} h6 {[%emt 0:00:16] LiveBook: 7 Games} 9. Bh4 {[%emt 0:03:15]} g6 {[%emt 0:01:34]} 10. Ne3 {[%emt 0:00:43]} Be7 {[%emt 0:02:07]} 11. O-O-O {[%emt 0:12:31]} b5 {[%emt 0:08:23]} 12. a3 {[%emt 0:05:32]} Bb7 {[%emt 0:03:29]} 13. f3 {[%emt 0:00:44]} Rc8 {[%emt 0:02:51]} 14. Bxf6 $146 {[%emt 0:10:40]} (14. Qd2 Qb6 {0-1 (27) Hansen,M (2310)-Ziska,H (2523) Denmark 2015}) 14... Nxf6 {[%emt 0:02:16]} 15. Ncd5 {[%emt 0:00:57]} Nxd5 {[%emt 0:03:47]} 16. Nxd5 {[%emt 0:00:25]} Bxd5 {[%emt 0:06:45]} 17. Rxd5 {[%emt 0:00:18]} Rc5 {[%emt 0:00:53]} 18. Qd3 {[%emt 0:02:17]} O-O {[%emt 0:02:28]} 19. Be2 {[%emt 0:01:36]} Qc7 {[%emt 0:01:49]} 20. Kb1 {[%emt 0:00:57]} Rb8 {[%emt 0:07:40]} 21. Rd1 {[%emt 0:05:17]} a5 {[%emt 0:06:56]} 22. g3 {[%emt 0:04:40]} b4 {[%emt 0:01:34]} 23. a4 {[%emt 0:02:08]} Rc8 {[%emt 0:04:02]} 24. Rxc5 {[%emt 0:05:34]} Qxc5 {[%emt 0:00:03]} 25. Bf1 {[%emt 0:09:26]} Bg5 {[%emt 0:03:53]} 26. Qe2 {[%emt 0:04:13]} Qc6 {[%emt 0:02:31]} 27. b3 {[%emt 0:01:56]} Be3 {[%emt 0:04:35]} 28. Rd5 {[%emt 0:03:17]} Bd4 {[%emt 0:02:34]} 29. Qc4 {[%emt 0:04:09]} Qb7 {[%emt 0:03:17]} 30. Qb5 {[%emt 0:01:12]} Qc7 {[%emt 0:04:44]} 31. Qd3 {[%emt 0:01:56]} Qc3 {[%emt 0:06:34]} 32. Qxc3 {[%emt 0:00:19]} Rxc3 {[%emt 0:00:09]} 33. Bd3 {[%emt 0:00:20]} Bc5 {[%emt 0:00:02]} 34. Kc1 {[%emt 0:02:22]} Kf8 {[%emt 0:00:16]} 35. Kd1 {[%emt 0:01:34]} Ke7 {[%emt 0:00:05]} 36. Kd2 {[%emt 0:05:30]} Ke6 {[%emt 0:01:54]} 37. Bc4 {[%emt 0:05:08]} Ke7 {[%emt 0:00:19]} 38. Rd3 {[%emt 0:01:05]} Rxd3+ {[%emt 0:01:37]} 39. Kxd3 {[%emt 0:00:33]} f5 {[%emt 0:02:47]} 40. g4 {[%emt 0:00:00]} Kf6 {[%emt 0:03:02]} 41. gxf5 {[%emt 0:05:25]} gxf5 {[%emt 0:00:06]} 42. Bb5 {[%emt 0:00:13]} Kg5 {[%emt 0:09:21]} 43. Bd7 {[%emt 0:00:37]} fxe4+ {[%emt 0:02:15]} 44. fxe4 {[%emt 0:00:14]} Kf4 {[%emt 0:01:17]} 45. Be6 {[%emt 0:01:41]} Bg1 {[%emt 0:01:35]} 46. h3 {[%emt 0:00:19]} h5 {[%emt 0:00:34]} 47. Bf7 {[%emt 0:00:30]} h4 {[%emt 0:01:56]} 48. Bg6 {[%emt 0:00:17]} Bc5 {[%emt 0:01:27]} 49. Kc4 {[%emt 0:00:54]} Ke3 {[%emt 0:00:11]} 50. Kb5 {[%emt 0:00:37]} Kd2 {[%emt 0:00:08]} 51. Kxa5 {[%emt 0:00:15]} Kxc2 {[%emt 0:00:06]} 52. Bf7 {[%emt 0:00:09]} Kd3 {[%emt 0:01:33]} 53. Bd5 {[%emt 0:00:12]} Ke3 {[%emt 0:01:16]} 54. Kb5 {[%emt 0:00:10]} Kf3 {[%emt 0:01:30]} 55. Kc4 {[%emt 0:01:06]} Ke3 {[%emt 0:03:05]} 56. a5 {[%emt 0:00:12]} Kf4 {[%emt 0:01:30]} 57. a6 {[%emt 0:00:18]} Kg3 {[%emt 0:00:13]} 58. Be6 {[%emt 0:00:14]} Kf4 {[%emt 0:00:06]} 59. Bf5 {[%emt 0:00:26]} Kg5 {[%emt 0:02:03]} 60. Kd5 $18 {[%emt 0:03:17]} 1-0

[Event "EIWCC 2017"]
[Site "Riga"]
[Date "2017.04.19"]
[Round "8"]
[White "Zhukova, Natalia"]
[Black "Muzychuk, Anna"]
[Result "1/2-1/2"]
[WhiteElo "2438"]
[BlackElo "2587"]
[Annotator "TA"]
[PlyCount "30"]
[EventDate "2017.??.??"]
[EventType "swiss"]
[EventCountry "LAT"]
[SourceTitle "playchess.com"]
[Source "ChessBase"]
[SourceQuality "1"]

{[%evp 13,21,0,6,0,0,0,10,0,0,0]} 1. c4 c5 2. Nf3 Nf6 3. d4 cxd4 4. Nxd4 e6 5. Nc3 d5 6. cxd5 Nxd5 7. Bd2 Be7 {The position is equal.} 8. e4 {A32: Symmetrical English: 2 Nf3 Nf6 3 d4 cxd4 4 Nxd4 e6} Nxc3 9. Bxc3 O-O 10. Be2 Qb6 11. Qb3 Qxb3 $146 12. Nxb3 Bd7 13. Rd1 Ba4 14. Rd3 Nd7 15. Rg3 g6 {½-½ (28) Nikolic,P (2669)-Ernst,S (2581) Netherlands 2009} 1/2-1/2

[Event "EIWCC 2017"]
[Site "Riga"]
[Date "2017.04.19"]
[Round "8"]
[White "Kashlinskaya, Alina"]
[Black "Lagno, Kateryna"]
[Result "1-0"]
[WhiteElo "2426"]
[BlackElo "2543"]
[Annotator "TA"]
[PlyCount "82"]
[EventDate "2017.??.??"]
[EventType "swiss"]
[EventCountry "LAT"]
[SourceTitle "playchess.com"]
[Source "ChessBase"]
[SourceQuality "1"]

{[%evp 17,82,10,45,32,36,34,45,10,33,33,22,-4,20,15,23,16,31,-19,-27,-33,-17,-50,-44,-49,-45,-65,-37,-72,-72,-67,-67,-66,-71,-77,-77,-81,-83,-83,-85,-137,0,-97,-114,-125,-125,-118,-116,-70,0,0,0,0,0,0,4,0,5,0,5,4,0,0,5,5,5,0,5]} 1. d4 d5 2. Bf4 Nf6 3. e3 c5 4. c3 Nc6 5. Nd2 {D00: 1 d4 d5: Unusual lines} cxd4 (5... e6 6. Ngf3 Bd6 7. Bg3 O-O 8. Bb5 a6 9. Bxc6 bxc6 10. Qa4 Rb8 11. Qa3 Bxg3 12. hxg3 cxd4 13. cxd4 a5 14. O-O Qb6 15. b3 Ba6 {1-0 (24) Carlsen,M (2840)-Anand,V (2779) Doha 2016}) 6. exd4 Bf5 7. Ngf3 e6 8. Qb3 Qc8 9. Nh4 Bg4 {LiveBook: 12 Games} 10. Bd3 Be7 11. h3 Bh5 $1 (11... Nh5 $2 12. Be3 Bf5 13. Nxf5 exf5 14. Qxd5 $18) 12. g4 Bg6 $1 {[%cal Rg6d3]} 13. Nxg6 hxg6 14. f3 $146 (14. g5 Nh5 {0-1 (55) Prakashram,R (1859)-Pranav,V (2203) Thrissur 2014}) 14... a6 15. Qc2 Qd8 16. Nb3 Nd7 17. Kf2 Bh4+ 18. Kg2 Qe7 19. Qe2 O-O 20. Rhf1 e5 21. dxe5 Ndxe5 22. Bxe5 Nxe5 23. f4 Nxd3 24. Qxd3 Rfe8 25. Nd4 Qc5 26. f5 Re4 27. fxg6 fxg6 28. Nf3 {[#]} (28. Rad1 $142) 28... Re3 (28... Rae8 $1 $17 {aiming for ...Re2+.} 29. Kh1 (29. Nxh4 $2 Re2+ 30. Kh1 R8e3 $19) 29... Re2) 29. b4 (29. Qxg6 $11 Qc7 30. Qh5 (30. Kh1 Rf8 31. Qh5 Rfxf3 $15) 30... Qg3+ 31. Kh1 Qxh3+ 32. Nh2) 29... Qe7 $17 (29... Qd6 $6 30. Qxe3 Qg3+ 31. Kh1 Qxh3+ 32. Kg1 Qg3+ 33. Kh1 Qh3+ 34. Kg1 Qg3+ 35. Kh1 Qh3+ $11) 30. Qxd5+ Kh7 31. Rad1 Rxc3 {Strongly threatening ...Qe2+.} 32. Rd2 Rd8 ({Black should try} 32... Re8 $15 33. a4 (33. Kh1 $2 Rf8 34. Rdd1 Qxb4 $19) 33... Ra3) 33. Qxd8 $11 {The position is equal.} Qxd8 34. Rxd8 Bxd8 {[%mdl 4096] Endgame KRB-KRN} 35. Rd1 Be7 36. Rd7 Rc2+ 37. Kg3 Bf6 38. a4 b6 39. Rd6 Ra2 40. Rxb6 Rxa4 41. b5 axb5 1-0

[Event "EIWCC 2017"]
[Site "Riga"]
[Date "2017.04.19"]
[Round "8"]
[White "Mkrtchian, Lilit"]
[Black "Malakhova, Elizaveta"]
[Result "1/2-1/2"]
[WhiteElo "2425"]
[BlackElo "2324"]
[Annotator "TA"]
[PlyCount "71"]
[EventDate "2017.??.??"]
[EventType "swiss"]
[EventCountry "LAT"]
[SourceTitle "playchess.com"]
[Source "ChessBase"]
[SourceQuality "1"]

{[%evp 5,71,0,23,24,38,10,18,19,22,14,15,0,67,63,53,63,73,66,122,95,120,104,170,138,151,120,108,81,73,70,57,54,28,29,25,38,47,24,36,33,37,37,79,70,79,72,154,77,78,0,0,0,0,0,0,0,0,0,0,0,0,0,0,0,0,0,0,0]} 1. c4 e5 2. g3 Nc6 3. Bg2 Bc5 4. e3 {A20: English Opening: 1...e5} a6 5. Ne2 Ba7 6. Nbc3 d6 7. b3 h5 8. h3 Nge7 (8... h4 $11) 9. d4 $14 Bf5 $146 (9... h4 10. g4 f5 11. dxe5 Nxe5 {½-½ (19) Skembris,S (2460)-Salgado Lopez,I (2635) Rethymno 2012}) 10. dxe5 dxe5 11. Ba3 Qc8 {[#]} (11... Qd7 $14) 12. Nd5 $1 $16 f6 13. Nec3 Rb8 (13... Nxd5 $16 14. cxd5 (14. Qxd5 Qd7 $14) 14... Ne7) 14. Qf3 b5 {And now ...b4 would win.} 15. cxb5 axb5 16. Nxe7 Nxe7 17. Bxe7 Kxe7 18. Qc6 Rd8 19. Nd5+ Kf8 20. Rc1 Bb6 21. g4 Be6 (21... hxg4 $6 22. hxg4 Bxg4 {[#]} 23. Nxf6 $1 $16 {[%mdl 512]} (23. Nxc7 Ba5+ 24. Kf1 Bxc7 25. Rh8+ Ke7 26. Qxc7+ Qxc7 27. Rxc7+ Kd6 28. Rc6+ Ke7 29. Rc7+ Kd6 30. Rc6+ Ke7 31. Rc7+ $11) (23. Qxb5 Qe6 $14) (23. Nxb6 cxb6 24. Rh8+ Ke7 25. Rxd8 Qxd8 $11)) 22. gxh5 (22. Nxc7 Ba5+ 23. Ke2 (23. Kf1 $2 Bxc7 24. Qxc7 Bc4+ 25. Rxc4 bxc4 26. Qxc8 Rbxc8 $19) 23... Bxc7 24. Qxc7 Bc4+ 25. Rxc4 bxc4 26. Qxc8 Rbxc8 $17) 22... Bxd5 23. Bxd5 {Strongly threatening h6.} Qf5 {White must now prevent ...Qd3.} 24. Bf3 Qd3 {aiming for ...Ba5+.} 25. Be2 Qd2+ 26. Kf1 Rd6 ({But not} 26... Qxa2 $2 27. h6 (27. Bxb5 Rd2 28. Qf3 e4 $11) 27... Ke7 28. Rg1 $18) 27. Qc2 (27. Rc2 $16) 27... Ra8 $36 {[%mdl 2048] The position is equal. Black fights for an advantage.} 28. Qxd2 ({Don't capture} 28. Bxb5 $2 Rxa2 29. Qxd2 Rdxd2 $19) 28... Rxd2 29. Ra1 b4 30. Rg1 Raxa2 31. Rxa2 Rxa2 {KRB-KRB} 32. Rg6 Ra1+ 33. Kg2 Ra2 34. Kf1 Ra1+ 35. Kg2 Ra2 36. Kf1 1/2-1/2

[Event "EIWCC 2017"]
[Site "Riga"]
[Date "2017.04.19"]
[Round "8"]
[White "Skripchenko, Almira"]
[Black "Mamedjarova, Zeinab"]
[Result "0-1"]
[WhiteElo "2420"]
[BlackElo "2322"]
[Annotator "TA"]
[PlyCount "169"]
[EventDate "2017.??.??"]
[EventType "swiss"]
[EventCountry "LAT"]
[SourceTitle "playchess.com"]
[Source "ChessBase"]
[SourceQuality "1"]

{[%evp 4,169,11,19,29,7,17,4,22,11,20,0,31,30,30,38,39,20,35,19,37,31,40,42,75,25,98,80,85,72,86,89,102,71,77,47,87,44,83,43,150,58,78,80,78,42,149,142,174,146,160,136,232,230,257,262,239,264,271,261,570,570,569,568,606,591,644,640,548,273,439,427,562,545,788,510,511,509,505,477,485,396,396,327,306,149,140,145,142,142,142,142,142,139,275,262,247,192,272,259,248,176,308,304,306,297,300,190,292,266,300,316,382,382,380,375,402,306,582,570,485,365,380,303,380,370,364,368,397,397,397,397,477,477,466,456,408,387,384,394,394,394,394,389,421,395,879,878,866,868,862,751,848,768,791,772,893,844,823,775,766,776,930,921,5604,5447,5406,5385]} 1. d4 Nf6 2. Bf4 e6 3. e3 d6 {A45: Trompowsky Attack} (3... c5 4. Nf3 Nc6 5. Nbd2 d5 6. c3 Bd6 7. Bg3 O-O 8. Bd3 b6 9. Qe2 Bb7 10. Rd1 Ne7 11. O-O Qc7 12. Bxd6 Qxd6 13. Ne5 Rad8 14. Qf3 Ng6 15. Bxg6 hxg6 16. Qh3 Ba6 {1-0 (37) Kramnik,V (2810)-Hou,Y (2635) Medias 2016}) 4. Nf3 b6 5. c3 Bb7 {The position is equal.} 6. Bd3 Nbd7 7. O-O g6 8. Nbd2 $36 {[%mdl 2048] White has good play.} Bg7 9. h3 O-O 10. Bh2 a6 11. a4 Qe7 12. Re1 e5 13. e4 Ne8 $146 14. Qe2 c6 (14... exd4 $11 15. cxd4 (15. Nxd4 Nef6 $11) 15... c5) 15. Nc4 $16 Rd8 16. Rad1 b5 17. Na5 Ba8 18. axb5 cxb5 19. b4 Rb8 20. d5 Qd8 21. Rb1 f5 (21... Nb6 $14) 22. c4 (22. Nc6 $16 Bxc6 23. dxc6) 22... bxc4 $14 23. Bxc4 (23. Nxc4 fxe4 24. Bxe4 (24. Qxe4 Ndf6 25. Qh4 Nxd5 26. Qxd8 Rxd8 $17) 24... Ndf6 $17) 23... fxe4 24. Nd2 {Black must now prevent Nc6.} e3 ({Black should play} 24... Nb6 $14) 25. fxe3 $16 (25. Qxe3 $6 Nb6 $14) 25... Nb6 26. Nc6 (26. Bxa6 Nxd5 27. Bc4 Kh8 28. Bxd5 Bxd5 $15) 26... Bxc6 27. dxc6+ Kh8 (27... Nxc4 $16 28. Qxc4+ (28. Nxc4 Kh8 $14) 28... d5 29. Qxa6 Nc7) 28. Bxa6 $18 Nd5 29. Qc4 Nxe3 30. Rxe3 Qb6 31. Rbe1 Nc7 $2 {[#]} (31... Bh6 {is more resistant.} 32. Nf1 Nc7) 32. Bb7 $1 Bh6 33. Qd3 (33. Qc3 Nd5 34. Nc4 Bxe3+ 35. Qxe3 (35. Rxe3 Qxe3+ 36. Qxe3 Nxe3 37. Nxe3 Rf7 $16) 35... Qxb4 $18) 33... Bxe3+ 34. Qxe3 Qxb4 35. Rb1 Qa5 36. Nf3 (36. Nc4 $142 Qa2 37. Rc1) 36... Nd5 $2 (36... Kg8 37. Qb3+ Kg7) 37. Qd2 Qc5+ 38. Kh1 e4 39. Qd4+ Qxd4 40. Nxd4 Rf6 41. Nb5 e3 {intending ...e2.} 42. Bxd6 Re8 {Threatens to win with ...e2.} 43. Bg3 {Hoping for c7.} (43. c7 Nxc7 44. Nxc7 e2 45. Nxe8 (45. Re1 $2 Rxd6 46. Kg1 Re7 $19) 45... Rf1+ 46. Kh2 Rxb1 47. Be5+ Kg8 48. Nf6+ Kg7 49. Ne4+ Kf8 $16) 43... e2 {And now ...Rf1+ would win.} 44. Re1 (44. Kg1 Ne3 45. Be1 Rf1+ 46. Kh2 Nc2 47. Bc3+ Nd4) (44. Kh2 $18 {and White stays clearly on top.}) 44... Re3 $16 45. Kh2 Rf1 46. c7 Nxc7 47. Nxc7 Rxg3 48. Rxe2 (48. Kxg3 $2 {loses.} Rxe1 49. Bf3 (49. Kf2 $2 Rb1 50. Kxe2 Rxb7 $19) 49... Rc1 50. Bxe2 Rxc7 $19) 48... Rb3 {[#]} (48... Ra3 $16 {was necessary.} 49. Re7 Rf6) 49. Re8+ $1 $18 Kg7 50. Re7+ Kh6 (50... Kf8 {keeps fighting.} 51. Rxh7 Kg8) 51. Bd5 Rb8 52. Ne6 {g4 is the strong threat.} Rf5 (52... Rd1 $142) 53. Rd7 Rb2 54. Bb7 Rf6 55. Nd4 Rfb6 (55... Ra2 {was worth a try.} 56. Bd5 Rd2) 56. Bf3 Kg5 57. Rxh7 Rd2 58. Ne2 Rb3 59. Ng3 Rdb2 {Now ...Rxf3 and Black clings on.} 60. Rf7 Rb5 $2 (60... Kh6 {was called for.} 61. Ne4 Rb7) 61. Ne4+ Kh6 62. Kg3 Rb7 63. Rf4 ({Don't play} 63. Rxb7 Rxb7 64. Kf4 Rb4 $18) 63... Re7 64. Nf6 {aiming for Ng8+.} Kg7 65. Nd5 Rf7 66. Rg4 Kh6 67. h4 Rb3 68. Nf4 Rf6 69. Rg5 Ra3 70. Rb5 Ra4 71. Nh3 Ra7 72. Ng5 Re7 73. Rb8 Kg7 74. Bd5 Rf5 $2 (74... Ra6 75. Kf3 Rd6) 75. Rg8+ {White is clearly winning.} Kf6 76. Be4 Ra5 77. Rxg6+ Ke5 78. Bf3 Kf5 79. h5 Ra3 80. Nh3 Rh7 81. Rg5+ Kf6 82. Kh4 Rd7 83. Rg6+ Kf7 84. Ng5+ Kf8 85. h6 {[%mdl 32768] Loss on Time!?} 0-1

[Event "EIWCC 2017"]
[Site "Riga"]
[Date "2017.04.19"]
[Round "8"]
[White "Gaponenko, Inna"]
[Black "Lazarne Vajda, Szidonia"]
[Result "1/2-1/2"]
[WhiteElo "2416"]
[BlackElo "2355"]
[Annotator "TA"]
[PlyCount "90"]
[EventDate "2017.??.??"]
[EventType "swiss"]
[EventCountry "LAT"]
[SourceTitle "playchess.com"]
[Source "ChessBase"]
[SourceQuality "1"]

{[%evp 20,90,41,29,34,24,39,33,36,24,31,34,30,29,43,39,41,26,11,0,31,27,30,25,18,17,27,17,25,16,5,-48,-45,-29,-35,-81,-74,-73,-72,-92,-81,-122,-93,-117,-166,-120,-147,-112,-38,-38,-44,-227,-219,-219,-197,-304,-293,-256,0,0,0,0,0,0,0,0,0,0,0,0,0,0,0]} 1. e4 c6 2. Nc3 d5 3. Nf3 Bg4 4. h3 Bxf3 5. Qxf3 e6 6. Be2 Nf6 {B11: Caro-Kann: Two Knights Variation} 7. O-O dxe4 (7... Nbd7 8. d4 dxe4 9. Nxe4 Nxe4 10. Qxe4 Nf6 11. Qd3 Bd6 12. Rd1 Qc7 13. Bd2 Bh2+ 14. Kh1 Bf4 15. Be1 O-O {1-0 (46) Vachier Lagrave,M (2804)-Riazantsev,A (2671) Doha 2016}) 8. Nxe4 Nxe4 9. Qxe4 Be7 10. d4 Nd7 11. c4 {LiveBook: 4 Games} Nf6 12. Qe3 Qd7 $146 (12... O-O 13. b3 Qa5 14. a3 Rfd8 15. Bb2 Rd7 {1-0 (51) Hernandez,G (2567)-Lopez Martinez,J (2448) Mislata 2001}) 13. a4 Rd8 14. Rd1 O-O 15. b3 Rfe8 16. Bb2 Bd6 17. g3 a6 18. Qf3 Qe7 19. Qe3 Rd7 20. f4 c5 21. Bf3 Red8 22. Kg2 a5 23. Rd3 b6 {[%cal Bb7b6,Bb6c5][%mdl 32]} 24. Rad1 (24. Bc6 $5 {is interesting.} cxd4 25. Qf3 Rc7 26. Rxd4 Rcc8 27. Rad1) 24... cxd4 $1 25. Bxd4 (25. Rxd4 $11 Bc5 26. Rxd7 Rxd7 27. Qe2) 25... Bc5 $15 26. Bxc5 Qxc5 27. Qxc5 bxc5 28. Rxd7 Rxd7 29. Rxd7 Nxd7 {[%mdl 4096] Endgame KB-KN} 30. Bc6 Nb8 31. Bb5 Kf8 32. Kf3 Ke7 33. g4 f5 (33... Kd6 $17) 34. gxf5 exf5 35. h4 $2 {[#]} (35. Kg3 $1 $15) 35... Kd6 $19 36. Kg3 Nc6 37. Bxc6 (37. Kf2 $142) 37... Kxc6 {KP-KP} 38. h5 h6 $2 {[#]} (38... Kc7 $19 {aiming for ...Kd8.} 39. Kf2 Kd7) 39. Kf3 {The position is equal.} Kd6 40. Kg3 Ke6 41. Kh3 Kf6 42. Kg3 Ke6 43. Kh3 Kf6 44. Kg3 Ke6 45. Kh3 Kf6 1/2-1/2

[Event "EIWCC 2017"]
[Site "Riga"]
[Date "2017.04.19"]
[Round "8"]
[White "Vega Gutierrez, Sabrina"]
[Black "Socko, Monika"]
[Result "0-1"]
[WhiteElo "2413"]
[BlackElo "2462"]
[Annotator "TA"]
[PlyCount "95"]
[EventDate "2017.??.??"]
[EventType "swiss"]
[EventCountry "LAT"]
[SourceTitle "playchess.com"]
[Source "ChessBase"]
[SourceQuality "1"]

{[%evp 33,95,0,0,0,73,74,103,102,103,87,193,195,198,196,195,197,185,144,144,144,140,138,161,154,168,175,167,161,188,188,194,194,185,183,181,176,151,151,151,151,185,185,184,182,209,198,185,137,544,543,525,506,533,522,656,661,652,648,636,630,625,620,2307,2255]} 1. d4 Nf6 2. c4 g6 3. Nc3 Bg7 4. e4 d6 5. Be2 O-O 6. Nf3 e5 7. O-O Nc6 8. d5 Ne7 9. b4 a5 10. Ba3 axb4 11. Bxb4 b6 12. a4 Re8 13. a5 {E97: King's Indian: Classical Main Line (6...e5 7 0-0 Nc6): 8 Be3 and 8 d5 Ne7, not 9 Ne1} c5 14. dxc6 Nxc6 15. Bxd6 Rxa5 16. Rxa5 Nxa5 17. Bxe5 Qxd1 {LiveBook: 3 Games} 18. Rxd1 Bb7 $146 {[#]} (18... Nxe4 $1 $11 {keeps the balance.} 19. Nxe4 Bxe5) (18... Nxe4 19. Nxe4 Bxe5 20. Nxe5 Rxe5 {0-1 (67) Stokke,K (2409)-Berg,E (2566) Norway 2012}) 19. Bc7 $1 $16 Nxe4 20. Nxe4 Rxe4 21. Kf1 {Black must now prevent Rd8+.} ({But not} 21. Bxb6 $6 Nxc4 22. Rd8+ Bf8 $11) 21... Nxc4 (21... Nc6 $16) 22. Rd8+ $18 Bf8 23. Bd3 f6 24. Bxe4 Bxe4 25. Nd2 Nxd2+ 26. Rxd2 $16 {[%mdl 4096] Endgame KRB-KB} b5 27. Bd6 Bg7 28. Bb4 g5 29. Rd7 Bf5 30. Rc7 ({Don't take} 30. Rd5 Be6 31. Rd8+ Kf7 $16) 30... h5 31. Ke2 Be4 32. f3 Bd5 33. Ke3 h4 34. Rd7 Bc4 35. Ke4 Be6 36. Rb7 f5+ 37. Ke3 Bc4 {[#]} 38. Be7 $1 {[%cal Re7g5]} Bh6 39. Bf6 g4+ 40. f4 h3 $2 {[%mdl 8192]} (40... g3 $16 {is a better chance.} 41. h3 Bf1) 41. g3 $18 {White is clearly winning.} Bf8 42. Kd4 Bb4 43. Ke5 Bd3 44. Ke6 Bc5 45. Rg7+ Kf8 46. Rc7 {[%cal Rc7c8]} Bc4+ 47. Kxf5 Bg1 48. Kg6 0-1

[Event "EIWCC 2017"]
[Site "Riga"]
[Date "2017.04.19"]
[Round "8"]
[White "Pustovoitova, Daria"]
[Black "Goryachkina, Aleksandra"]
[Result "0-1"]
[WhiteElo "2411"]
[BlackElo "2452"]
[Annotator "TA"]
[PlyCount "76"]
[EventDate "2017.??.??"]
[EventType "swiss"]
[EventCountry "LAT"]
[SourceTitle "playchess.com"]
[Source "ChessBase"]
[SourceQuality "1"]

{[%evp 15,76,0,6,4,6,4,5,6,6,5,7,-1,7,0,14,7,22,20,15,7,4,12,0,-21,-17,-24,-15,-18,0,-10,0,0,0,-170,-161,-169,-162,-266,-260,-233,-250,-319,-311,-311,-304,-314,-298,-309,-303,-288,-288,-290,-254,-435,-428,-416,-436,-453,-441,-370,-321,-639,-618]} 1. e4 e6 2. d4 d5 3. Nc3 {[%cal Bb1c3,Bc3e2,Be2f4][%mdl 32]} Nf6 4. e5 Nfd7 5. Nce2 c5 6. c3 Nc6 7. Nf3 b5 8. Nf4 Qb6 {LiveBook: 15 Games. C11: French: Classical System: 4 e5 and 4 Bg5 dxe4} (8... Rb8 9. Bd3 b4 10. Nxe6 fxe6 11. Ng5 Ndxe5 12. dxe5 Nxe5 13. Bxh7 Qf6 14. O-O Bd6 15. f4 Nf7 16. Qh5 {0-1 (27) Shirov,A (2726)-Malakhatko,V (2633) Leon 2008}) 9. a3 a5 10. Be3 Ba6 {The position is equal.} 11. Bd3 $146 (11. Be2 cxd4 12. cxd4 b4 13. Nd3 Be7 14. O-O O-O 15. g3 Rfb8 {½-½ (15) Lau,R (2510)-Reefschlaeger,H (2335) Germany 1996}) 11... cxd4 12. cxd4 b4 13. a4 Be7 14. h4 (14. Rc1 $5 {feels hotter.} O-O 15. O-O Rfc8 16. b3 Na7 17. Qe2) 14... b3 15. O-O Bxd3 16. Nxd3 O-O 17. Rc1 Rfc8 18. Rc3 Rab8 19. g3 Na7 {Hoping for ...Rxc3.} 20. Bd2 Rxc3 21. Bxc3 Nc6 22. Qd2 Qa6 23. Ra1 Nb6 24. Qd1 $2 {[#]} ({Much worse is} 24. Nc5 Bxc5 25. dxc5 Nd7 $17) (24. Kg2 $11 {and White has nothing to worry.}) 24... Qc4 $1 $19 25. Qd2 Ra8 26. Qe3 (26. Nf4 $142) 26... Nxa4 27. Nd2 Qb5 28. Nc1 Nxc3 29. Qxc3 Bb4 30. Qe3 Bxd2 31. Qxd2 Qc4 32. Ne2 Qc2 33. Qxc2 bxc2 {KRN-KRN} 34. Ra3 $2 {[#]} (34. Rc1 Nb4 35. Ra1) 34... Nxd4 $1 {[%mdl 512]} 35. Nc1 (35. Nxd4 c1=Q+) 35... f6 36. exf6 gxf6 37. Kf1 Rb8 38. b3 $2 {[#]} (38. Rxa5 Rxb2 39. Ke1) 38... a4 $1 0-1